00919nam a22002177a 450000500170000001000260001702000260004303500140006903500140008303700090009708200120010610000310011824500970014926000360024627000820028230000200036494200260038499900190041095201180042995201540054720240905113806.0 aENG-118819 ENG-141656 a9788178244983c595.00 aEN-102351 aEN-125188 bDBAD a907.202 aChakrabarty, Dipesh971096 aThe Calling of History:bSir Jadunath Sarkar and his Empire of Truth/cBy Dipesh Chakrabarty aRanikhetbPermanent Blackc2017 a'Himalyana' , Mall Road, Ranikhet CanttbRanikhete263645mperblack@gmail.com a304pc22cm.(pb) 2ddccENh907.202mCHA c141589d141589 00104070aDIZbDIZd2017-06-21eDBAD/PUBg595.00l0o907.202 CHApEN-102351r2017-06-21 00:00:00t1v595.00yEN 001040708NFICaLbLd2024-09-05eDelivery of Books Act Divisiong595.00l0o907.202 CHApEN-125188r2024-09-05 00:00:00t1v595.00w2024-09-05yEN